[Event "Gijon rapid op 17th"]
[Site "Gijon"]
[Date "2017.07.23"]
[Round "1"]
[White "Rios, Cristhian Camilo"]
[Black "Vazquez Alonso, Adrian"]
[Result "1-0"]
[WhiteElo "2477"]
[BlackElo "1920"]
[PlyCount "65"]
[EventDate "2017.07.23"]
[EventType "swiss (rapid)"]
[EventRounds "8"]
[EventCountry "ESP"]
[SourceTitle "CBM 179 Extra"]
[Source "ChessBase"]
[SourceDate "2017.08.23"]
[SourceVersion "1"]
[SourceVersionDate "2017.08.23"]
[SourceQuality "1"]

1. d4 d5 2. c4 e5 3. dxe5 d4 4. Nf3 Nc6 5. a3 a5 6. Nbd2 Nge7 7. Nb3 Ng6 8. Nbxd4 Ngxe5 9. Bg5 Nxf3+ 10. Nxf3 Qxd1+ 11. Rxd1 Be6 12. e3 Bd6 13. Nd4 Nxd4 14. exd4 f6 15. Be3 0-0 16. c5 Be7 17. d5 Bf5 18. d6 cxd6 19. cxd6 Bd8 20. Bc4+ Kh8 21. 0-0 a4 22. Bd5 Rb8 23. Ba7 Ra8 24. Bc5 Ba5 25. d7 Rfd8 26. Bxb7 Rab8 27. Bc6 Rxb2 28. Be7 Rdb8 29. d8Q+ Bxd8 30. Bxd8 R2b3 31. Be7 h6 32. Bxa4 R3b7 33. Bb4 1-0